Geology of Fairfield County / (Record no. 29686)

MARC details
000 -LEADER
fixed length control field 01315cam a22003611a 4500
001 - CONTROL NUMBER
control field gs 63000168
003 - CONTROL NUMBER IDENTIFIER
control field DLC
005 - DATE AND TIME OF LATEST TRANSACTION
control field 20260227111412.0
008 - FIXED-LENGTH DATA ELEMENTS--GENERAL INFORMATION
fixed length control field 730129s1962 ohuab b s000 0 eng c
010 ## - LIBRARY OF CONGRESS CONTROL NUMBER
LC control number gs 63000168
035 ## - SYSTEM CONTROL NUMBER
System control number (OCoLC)547011
040 ## - CATALOGING SOURCE
Original cataloging agency U.S. Geol. Survey. Libr.
Transcribing agency ODaWU
Modifying agency OCoLC
-- O
-- DLC
042 ## - AUTHENTICATION CODE
Authentication code premarc
043 ## - GEOGRAPHIC AREA CODE
Geographic area code n-us-oh
050 00 - LIBRARY OF CONGRESS CALL NUMBER
Classification number QE151
Item number .A18 no. 60
086 0# - GOVERNMENT DOCUMENT CLASSIFICATION NUMBER
Classification number ONR 84.3:60
Number source ohdocs
100 1# - MAIN ENTRY--PERSONAL NAME
Personal name Wolfe, Edward W.
245 10 - TITLE STATEMENT
Title Geology of Fairfield County /
Statement of responsibility, etc. by Edward W. Wolfe, James L. Forsyth, George D. Dove.
260 ## - PUBLICATION, DISTRIBUTION, ETC.
Place of publication, distribution, etc. Columbus :
Name of publisher, distributor, etc. Ohio Division of Geological Survey,
Date of publication, distribution, etc. 1962.
300 ## - PHYSICAL DESCRIPTION
Extent x, 230 p. :
Other physical details ill., maps (some col.) ;
Dimensions 29 cm.
490 1# - SERIES STATEMENT
Series statement Bulletin ;
Volume/sequential designation 60
500 ## - GENERAL NOTE
General note Maps in pocket.
500 ## - GENERAL NOTE
General note Chapter on ground-water resources prepared in cooperation with the United States Geological Survey.
500 ## - GENERAL NOTE
General note Errata slip inserted.
504 ## - BIBLIOGRAPHY, ETC. NOTE
Bibliography, etc. note Includes bibliographical references (p. 186-193).
650 #0 - SUBJECT ADDED ENTRY--TOPICAL TERM
Topical term or geographic name entry element Geology
Geographic subdivision Ohio
-- Fairfield County.
650 #0 - SUBJECT ADDED ENTRY--TOPICAL TERM
Topical term or geographic name entry element Water-supply
Geographic subdivision Ohio
-- Fairfield County.
650 #0 - SUBJECT ADDED ENTRY--TOPICAL TERM
Topical term or geographic name entry element Groundwater
Geographic subdivision Ohio
-- Fairfield County.
700 1# - ADDED ENTRY--PERSONAL NAME
Personal name Forsyth, James L.
700 1# - ADDED ENTRY--PERSONAL NAME
Personal name Dove, George D.
710 1# - ADDED ENTRY--CORPORATE NAME
Corporate name or jurisdiction name as entry element Ohio.
Subordinate unit Division of Geological Survey.
830 #0 - SERIES ADDED ENTRY--UNIFORM TITLE
Uniform title Bulletin (Ohio. Division of Geological Survey) ;
Volume/sequential designation 60.

No items available.

Powered by Koha